Readings in American literature / (Record no. 2528)

MARC details
000 -LEADER
fixed length control field 00971cam a22002891i 4500
001 - CONTROL NUMBER
control field 6844476
003 - CONTROL NUMBER IDENTIFIER
control field GBCCL
005 - DATE AND TIME OF LATEST TRANSACTION
control field 20241126110431.0
007 - PHYSICAL DESCRIPTION FIXED FIELD--GENERAL INFORMATION
fixed length control field cr_|||||||||||
008 - FIXED-LENGTH DATA ELEMENTS--GENERAL INFORMATION
fixed length control field 791031s1919 vau 000 0 eng
010 ## -
-- 19004004
035 ## - SYSTEM CONTROL NUMBER
System control number (OCoLC)5630088
040 ## - CATALOGING SOURCE
Original cataloging agency DLC
Transcribing agency NcGA
Modifying agency OCoLC
-- DLC
042 ## -
-- premarc
050 00 -
-- PS507
-- .M45
082 ## - DEWEY DECIMAL CLASSIFICATION NUMBER
Classification number 810
Item number MET
100 1# - MAIN ENTRY--PERSONAL NAME
Personal name Metcalf, John Calvin,
Dates associated with a name 1865-1949.
9 (RLIN) 5268
245 10 - TITLE STATEMENT
Title Readings in American literature /
Statement of responsibility, etc. selected and edited by John Calvin Metcalf and Henry Brantly Handy.
260 ## - PUBLICATION, DISTRIBUTION, ETC.
Place of publication, distribution, etc. Richmond, Va. :
Name of publisher, distributor, etc. Johnson Publishing Co.,
Date of publication, distribution, etc. [c1919].
300 ## - PHYSICAL DESCRIPTION
Extent 528 p. ;
Dimensions 20 cm.
530 ## -
-- Also available in digital form on the Internet Archive Web site.
650 #0 - SUBJECT ADDED ENTRY--TOPICAL TERM
Topical term or geographic name entry element American literature.
9 (RLIN) 5269
700 1# - ADDED ENTRY--PERSONAL NAME
Personal name Handy, Henry Brantly,
Relator term jt. ed.
9 (RLIN) 5270
856 41 - ELECTRONIC LOCATION AND ACCESS
Uniform Resource Identifier <a href="http://hdl.loc.gov/loc.gdc/scd0001.0017196717A">http://hdl.loc.gov/loc.gdc/scd0001.0017196717A</a>
906 ## - LOCAL DATA ELEMENT F, LDF (RLIN)
a 7
b cbc
c oclcrpl
d u
e ncip
f 19
g y-gencatlg
942 ## - ADDED ENTRY ELEMENTS (KOHA)
Source of classification or shelving scheme Dewey Decimal Classification
Koha item type Books
Holdings
Withdrawn status Lost status Source of classification or shelving scheme Damaged status Not for loan Home library Current Library Shelving location Date acquired Total checkouts Full call number Barcode Date last seen Copy number Price effective from Koha item type
    Dewey Decimal Classification     GRACE BIBLE COLLEGE GRACE BIBLE COLLEGE General Studies 2017-08-23   810 MET 008902 2025-05-01 c.1 2017-08-23 Books
© Grace Bible College Library 2025